=LDR 00000nam 2200000 4500 =001 INLIS000000000034997 =005 20130612140902 =008 ***********************************Ind** =035 ##$$a0010-061300000034997 =041 ##$$a Ind =082 ##$$a 410 =090 ##$$a 410, Som a =100 ##$$a Somad,Adi Abdul =245 ##$$a Aktif dan Kreatif Berbahasa Indonesia untuk SMA/MA kelas X, Adi Abdul Somasd,Aminudin,Yudi Irawan =260 ##$$a 2008 $b Jakarta =300 ##$$a ix,248 hlm., ilus., 30 cm =650 ##$$a Bahasa Indonesia-Studi dan Pengajaran =850 ##$$a NBPNMAT =990 ##$$a 91307/BPAP-NTB/2014 =990 ##$$a 91322/BPAP-NTB/2014 =990 ##$$a 93069/BPAP-NTB/2014